01028 2200241 4500001002100000005001500021035002000036007000300056008004100059020002200100082001000122084001600132100003700148245005400185250003500239260006000274300002900334700002000363700003600383650001700419520033300436990001700769INLIS00000000000043020240909083102 a0010-0423000057ta240909 j 1 ind  a978-602-367-302-5 a741.5 a741.5 PUT f0 aPuti Reno Maharani ( Pengarang )1 aFotografer cilik :bnext g /cPuti Retno maharani a-Edisi III Cet.I,Februari 2017 aBandung :bMuffin Granphics ( PT Mizan Pustaka ),c2017 a104 :bilus. ;c21 cme-0 aRomy ( Gambar )0 aWiwit Wijiastuti ( Penyunting ) 4aKomik,Bacaan aSetiap siswa baru diharuskan mengikuti kegiatan ekstrakurikuler. Lita dan Lia masih bingung akan masuk klub apa. Ah! Ada satu klub yang menarik perhatian mereka, yaitu klub fotografi. Lita dan Lia sangat antusias berlatih fotografi. Siapa tahu saja mereka bisa jadi duta fotografer sekolah. Kira-kira, bakal terwujud enggak, ya? a00038/K/2017